| 000 | 01051nam a2200301Ia 4500 | ||
|---|---|---|---|
| 001 | dia_2146 | ||
| 003 | CHAP | ||
| 005 | 20251021153101.0 | ||
| 008 | 220117s1973 xx 000 0 und d | ||
| 010 | _a172687 | ||
| 040 | _cCHAP | ||
| 082 | _a637.12 D44 1973 | ||
| 100 |
_aDelgadillo V., Jaime _9152326 |
||
| 245 |
_aTecnología lechera : análisis de leche en las plantas de proceso / _c Jaime Delgadillo V. |
||
| 260 |
_aChapingo, México : _b ENA, Departamento de Enseñanza, Investigación y Servicios de Industrias Agrícolas, _c1973 |
||
| 300 | _a90 p. | ||
| 440 |
_aSerie de apuntes ; 7 _9152327 |
||
| 650 |
_aAnálisis de la leche en las plantas de proceso _9152328 |
||
| 650 |
_aLeche _965357 |
||
| 650 |
_aLeche _xAnálisis _965359 |
||
| 650 |
_aLeche _xPasteurización _9148127 |
||
| 650 |
_aProductos lácteos _xAnálisis _992125 |
||
| 650 |
_aTecnología lechera _9152329 |
||
| 901 | _a637.12 D44 1973 | ||
| 902 | _aM | ||
| 905 | _a5232271973 MX N 8222223322SPA16 | ||
| 942 |
_cLIBRO _2ddc |
||
| 999 |
_c172687 _d172687 |
||